Promoting the growth and competitiveness of the African agri-business and agro-industry

Podpora agropodnikania a agrárneho priemyselného rozvoja v Afrike ako jeden z cieľov Millenium Development Goals na trvalé udržanie rastu. Zamerané na garbiarsky priemysel v Keni. SWOT analýza a obchodná bilancia.

Enregistré dans:
Détails bibliographiques
Auteur principal: Lindtnerová, Klaudia
Format: Chapitre de livre
Langue:anglais
Sujets:
Tags: Ajouter un tag
Pas de tags, Soyez le premier à ajouter un tag!

MARC

LEADER 00000nla a2200000 4500
001 0180631
005 20240502073101.6
041 0 |a eng 
044 |a SK 
245 1 0 |a Promoting the growth and competitiveness of the African agri-business and agro-industry  |c Klaudia Lindtnerová 
520 |a Podpora agropodnikania a agrárneho priemyselného rozvoja v Afrike ako jeden z cieľov Millenium Development Goals na trvalé udržanie rastu. Zamerané na garbiarsky priemysel v Keni. SWOT analýza a obchodná bilancia. 
610 2 0 |a Afrika 
610 2 0 |a poľnohospodárstvo 
610 2 0 |a priemysel kožiarsky 
610 2 0 |a analýza swot 
610 2 0 |a rozvoj trvalo udržateľný 
100 1 |a Lindtnerová, Klaudia